Statistics for The 10 countries that export the most electric cars

Click here to take the quiz!

General Stats

  • This quiz has been taken 41 times
  • The average score is 8 of 10

Answer Stats

HintAnswer% Correct
17.9% of total exportsUnited states
100%
2.9% of total exportsUnited kingdom
98%
24.8% of total exportsGermany
95%
4.6% of total exportsChina
93%
5.4% of total exportsFrance
90%
4% of total exportsSpain
85%
11.5% of total exportsSouth korea
78%
2.9% of total exportsCzech Republic
55%
10.1% of total exportsBelgium
50%
6.3% of total exportsSlovakia
40%

Score Distribution

Percentile by Number Answered

Percent of People with Each Score

Your Score History

You have not taken this quiz